Visualizzazione normale
Vista MARC
- Aznavour Charles
di Personal Name
Records bibliografici associati: 1
001 - CONTROL NUMBER
- control field: 30493
003 - CONTROL NUMBER IDENTIFIER
- control field: IT-RoPau
005 - DATE AND TIME OF LATEST TRANSACTION
- control field: 20140618152715.0
008 - FIXED-LENGTH DATA ELEMENTS
- fixed length control field: 140618|| aca||aabn | a|a d
040 ## - CATALOGING SOURCE
- Original cataloging agency: IT-RoPau
- Transcribing agency: IT-RoPau
100 ## - HEADING--PERSONAL NAME
- Personal name: Aznavour Charles
- Dates associated with a name: Codice autore musica SPICS: 9707
- Relator term: Autore musica
- Name of part/section of a work: Quel che non si fa più (strumentale)
670 ## - SOURCE DATA FOUND
- Source citation: Work cat.: (IT-RoPau)99254: AA.VV. 794, Canzoni del Mulino (Le)